000 00596nam a2200229Ia 4500
003 OSt
005 20230531112003.0
008 210423s2014 xx 000 0 und d
020 _a978-81-261-6302-1
040 _cAL
041 _aeng
082 _a331 SHAM
100 _aSHARMA (Tanuj)
_9117675
245 _aManagement of industrial relations
260 _aNew Delhi
_bAnmol Publications
_c2014
300 _a284
_bHB
365 _b1800
_cINR
650 _aEconomics
_9117676
650 _aLabour Economics
_9117677
906 _aindustrial ; Management ; relations
942 _2ddc
_cBK
999 _c176371
_d176371